Quizzes
Events
Quiz Creation
Community
Videos
Private Events
Remove Ads
Sign In
Join for FREE
Feedback
Dark Mode
Quiz Categories
Sports
Geography
Music
Movies
Television
Just For Fun
Miscellaneous
History
Literature
Language
Science
Gaming
Entertainment
Religion
Holiday
For Kids
Quiz Lab
Recent
Popular Today
Quiz Kudos Today
Editor Picks
Curator Picks
Quizzes by...
Day
Popularity
Type
Ratings
Length
Year
Community
Subscriptions
Recent Discussions
Orange Saloon
Badges
Playlists
Quests
Create
Leaderboards
Showdown
Live 5
Trivia Bingo
Activity
Puzzle Library
Sporcle Events
Private Events
Virtual Trivia
Globe League
Become a Host
Pub Owners
SporcleCon
Opinionation
Our Games
Videos
Blog
Mobile Apps
Partnerships
Remove Ads and Go Orange
Feedback
Television
TV Characters
TV Show
Sitcom
Network
Friends
Reality Shows
Cast
South Park
Star Trek
The Simpsons
Doctor Who
Television
TV Characters
TV Show
Sitcom
Network
Friends
Reality Shows
Cast
South Park
Star Trek
The Simpsons
Doctor Who
Random Quiz
Search Sporcle
×
Quiz Lab
Quiz Lab
Television
Supporting Actress
Type in answers that appear in a list
Type in answers that appear in a list
Classic
Best Score? Go Orange.
Multiple Emmys - Supporting Actress (Comedy) Stats
Can you name the actresses who have won multiple Outstanding Supporting Actress in a Comedy Series Emmys?
By
Rosst43
3m
12 Questions
148 Plays
148 Plays
148 Plays
Comments
Comments
Give Quiz Kudos
Give Quiz Kudos
-
- Ratings
hide this ad
More Info
Replay
Link that replays current quiz
Next Quiz
Link to next quiz in quiz playlist
You Got
0%
They Got
Avg Score
67%
Avg Friend Score
Upgrade to see
Score Distribution
Jump to the score distribution portion of the page
Score
0/12
Timer
03:00
0
Plays Today
Wins
Actress
% Correct
4
Rhea Perlman
88.4%
4
Doris Roberts
83.7%
2
Julie Bowen
78.2%
3
Valerie Harper
74.8%
2
Betty White
74.1%
2
Bebe Neuwirth
73.5%
2
Sally Struthers
72.8%
2
Megan Mullally
68%
2
Loretta Swit
66%
3
Laurie Metcalf
58.5%
2
Kristen Johnston
54.4%
2
Ann B. Davis
19.7%
Quiz Playlist
Details
Report
Send in Message
Add To Playlist
More Info:
Name the winners of multiple Outstanding Supporting Actresses in a Comedy Series.
Classic:
Type in answers that appear in a list
Last Updated: Feb 16, 2017
Quiz Scoreboard
CHALLENGE
Sign Up to Join the Scoreboard
Show All
Scores
Hide
Comments
May contain spoilers
Recently Published
One Thing in Common: World Cities II
by knightlancer
Geography
7m
Popular People in 1961
by mucciniale
History
6m
1-10 Letter E Words III
by El_Dandy
Language
2m
More to Explore
Quiz From the Vault
Featured Blog Post
Where Did the Easter Bunny Come From?
hide this ad
You Might Also Like...
Tags
Award
Award-Winning
Award Recipients
Award Shows
Award Winners
Emmy
Emmy Winners
Primetime Emmy
Supporting Actress
Television Stars
Today's Top Quizzes in Television
Browse Television
hide this ad
Today's Top Quizzes in Supporting Actress
Browse Supporting Actress
Top Contributed Quizzes in Television
1
One Piece Logic Puzzle
2
Survivor Logic Puzzle: Heroes vs. Villains
3
Survivor Seasons
4
Survivor Season by Logo
5
Ultimate Survivor Logic Puzzle
6
Survivor Logic Puzzle: Winners at War
7
Survivor Trivia
8
Survivor Heroes vs. Villains Logic Puzzle
9
All US Survivor Seasons in Order
10
Emmerdale Characters (from August 2012)
Explore More
Trending Topics
Kpop
Anime
Marvel
Disney
Crossword
NBA
Harry Potter
The Office
Puzzle
Country
WWE
Song
NFL
Pokémon
Soccer
hide this ad
More By:
Rosst43
Quiz
Plays
Rating
Category
Featured
Created
Paul Thomas Anderson Oscar Nominees
478
4.10
Movies
Mar 29, 2015
Multiple Emmys - Lead Actor (Comedy)
315
4.67
Television
Mar 29, 2015
Multiple Emmys - Lead Actress (Drama)
262
4.67
Television
Mar 29, 2015
Multiple Emmys - Lead Actress (Comedy)
258
4.80
Television
Mar 30, 2015
David Fincher Oscar Nominees
233
3.67
Movies
Mar 30, 2015
Go to Creator's Profile
Score Distribution
Quiz Creator Spotlight
Rosst43
Follow
Send a Message
Quizzes Created
-
Created Quiz Play Count
-
More By This Creator
Popular Quizzes Today
1
Find the US States - No Outlines Minefield
2
The Countries of the World
3
Popular People in 1961
4
Find the Countries of Europe - No Outlines Minefield
5
1-10 Letter E Words III
6
Find the US States
7
One Thing in Common: World Cities II
8
US States
More Television Quizzes
Barney's I Love You Song
Published
Trending Quizzes
Country Music Stars Doing Things
Get the Picture: Carrie or Dolly
1-10 Letter F Words
1-10 Letter G Words
Risky Map Clicking: Next State Alphabetically
Recently Updated
Leaping Animals
pecheneg
Reality TV Shows (A-Z)
bhenderson79
Rickey Henderson's Hall of Fame Teammates
pecheneg
Champions League XIs: Arsenal
pecheneg
Quick Pick: Celebrities in WWE's Hall of Fame
aduchscher
A-Z Keypad Blitz II
pecheneg
Multiple Oscar Actors
pecheneg
Mystery Phrase Blitz: Oscar 'Best Actors'
pecheneg
F. Scott Fitzgerald Novels
LTH
Pick 3 Villains
ddd62291
Trending Topics
Anime
Crossword
Marvel
Disney
Kpop
NBA
Harry Potter
Country
WWE
Puzzle
Song
Pokémon
The Office
NFL
Soccer
Your Account Isn't Verified!
In order to create a playlist on Sporcle, you need to verify the email address you used during registration. Go to your
Sporcle Settings
to finish the process.
Report this User
Report this user for behavior that violates our
Community Guidelines
.
Details:
Send Report
Go to the Sporcle.com Mobile Site →
Comments